| Tag |
First Indicator |
Second Indicator |
Subfields |
| LEADER |
00000cas a2200000 a 4500 |
| 001 |
in00000014021 |
| 005 |
20151007052125.0 |
| 008 |
870403d1987198unhuar1 r 0uuu 0eng d |
| 035 |
|
|
|a (OCoLC)15483737
|
| 035 |
|
|
|9 AAA6370AM
|
| 040 |
|
|
|a OCC
|c OCC
|d m/c
|d UtOrBLW
|
| 049 |
|
|
|a TXAE
|
| 050 |
|
4 |
|a HD9801.6.P763
|b U62
|
| 245 |
0 |
0 |
|a Automatic identification manufacturers & services directory.
|
| 264 |
|
1 |
|a Peterborough, NH :
|b North American Technology.
|
| 300 |
|
|
|a volumes :
|b illustrations ;
|c 28 cm.
|
| 310 |
|
|
|a Annual
|
| 336 |
|
|
|a text
|b txt
|2 rdacontent
|
| 337 |
|
|
|a unmediated
|b n
|2 rdamedia
|
| 338 |
|
|
|a volume
|b nc
|2 rdacarrier
|
| 362 |
0 |
|
|a Began with 1986/1987 issue.
|
| 650 |
|
0 |
|a Product coding
|x Equipment and supplies
|x Directories.
|
| 650 |
|
0 |
|a Product coding equipment industry
|x Directories.
|
| 780 |
0 |
0 |
|t Bar code manufacturers & services directory
|x 8755-7851 (OCoLC) 9840613
|
| 785 |
0 |
0 |
|t ID systems ... buyer's guide (OCoLC)19571195
|
| 948 |
|
|
|a t2
|
| 999 |
|
|
|a MARS
|
| 999 |
f |
f |
|s 4d5ae007-7b4f-39bd-930c-4b0a793c3365
|i 9add0e52-1d50-377c-8b92-67204abba8ec
|t 0
|
| 952 |
f |
f |
|p ric
|a Texas A&M University
|b Rellis Campus
|c Joint Library Facility
|d Remote Storage
|t 0
|e HD9801.6 .P763 U62
|h Library of Congress classification
|i unmediated -- volume
|k 1986/1987
|m A14811324367
|
| 998 |
f |
f |
|a HD9801.6 .P763 U62
|s 1986/1987
|t 0
|l Remote Storage
|